| 000 | 02546cam a22004814i 4500 | ||
|---|---|---|---|
| 003 | PE-LiUPU | ||
| 005 | 20250731183413.0 | ||
| 008 | 181114s2016 sp a rb 000 0 spa d | ||
| 020 | _a9788425223860 | ||
| 035 | _a(Sirsi) a250648 | ||
| 040 |
_aPE-LiUPU _bspa _cPE-LiUPU _erda |
||
| 041 | 1 |
_aspa _heng |
|
| 049 | _aPRUA | ||
| 082 | 0 | 4 |
_a720.3 _bW26 _220 |
| 100 | 1 |
_aWare, Dora, _eautor. |
|
| 245 | 1 | 0 |
_aDiccionario manual ilustrado de arquitectura : _bcon los términos más comunes empleados en la construcción / _cDora Ware, Betty Beatty ; versión del inglés notablemente aumentada por Joaquín Gili y Manuel Company. |
| 264 | 1 |
_aBarcelona : _bGustavo Gili, _c2016. |
|
| 300 |
_axv, 203 páginas : _bilustraciones ; _c17 centimetros. |
||
| 336 |
_atext _2rdacontent |
||
| 337 |
_aunmediated _2rdamedia |
||
| 338 |
_avolume _2rdacarrier |
||
| 504 | _aBibliografía : páginas 201-203. | ||
| 505 | _aDiccionario manual ilustrado de arquitectura. | ||
| 520 | 3 | _aEste diccionario ya clásico recoge la terminología básica de arquitectura y construcción, tanto aquella de uso común en la actualidad, como aquella que designa las técnicas y los elementos constructivos de la arquitectura histórica. El libro cuenta además con un apéndice de láminas que incluye dibujos detallados de los elementos arquitectónicos más importantes, un glosario inglés-español y una bibliografía complementaria. Se trata de un compendio breve y directo de la terminología fundamental que deben conocer tanto los estudiantes como los profesionales de la arquitectura, la construcción y la historia del arte así como cualquier persona interesada en la materia. | |
| 526 | _aP158 | ||
| 526 | _aP146 | ||
| 526 | _aP17 | ||
| 526 | _aP12 | ||
| 526 | _aP06 | ||
| 534 |
_pTítulo original _tA short dictionary of architecture. |
||
| 541 | _g002-00000605; | ||
| 650 | 0 | 4 |
_aArquitectura _vDiccionarios. |
| 650 | 0 | 4 |
_aArquitectura _xEdificios. |
| 650 | 0 | 4 |
_aConstrucción _vDiccionarios. |
| 700 | 1 |
_aBeatty, Betty, _eautor. |
|
| 700 | 1 |
_aGili i Moros, Joaquín, _d1916-1984, _etraductor. |
|
| 700 | 1 |
_aCompany, Manuel, _etraductor. |
|
| 910 |
_adbm _bcsm _ccsm _d20181114 |
||
| 942 |
_2ddc _cBOOK |
||
| 994 |
_aC0 _bPEPRU |
||
| 596 | _a1 | ||
| 999 |
_a720.3 W26 _wDEWEY _c30129 _i79143 _f2021-11-9 _g4 _lCCODEBUL1 _mBUL _p13.63 _r0 _sY _tBOOK _u2018-11-14 _xINGENIERIA _PP06 _0COMPRA _1FCOMPR2 _o.STAFF. Colección Ingeniería y Arquitectura _d30129 |
||
| 980 |
_81 _gALBERTO SANCHEZ Responsable de Automatización |
||